000 00346nam a22001337a 4500
082 _a823
_bPRA/C
100 _aPRAN
245 _aCHACHA CHAUDHRY AND SABU'S CATAPULT
246 _aCHACHA CHAUDHRY AND SABU'S CATAPULT
_bCHACHA CHAUDHRY AND SABU'S CATAPULT
260 _aNEW DELHI
_bDIAMOND
300 _a44
650 _aENGLISH COMICS
942 _cBK
999 _c8653
_d8653